Pour une politique scientifique

Uloženo v:
Podrobná bibliografie
Hlavní autor: Piganiol, Pierre
Médium: Kniha
Jazyk:Undetermined
Vydáno: Paris Flammarion 1963
Témata:
Tagy: Přidat tag
Žádné tagy, Buďte první, kdo otaguje tento záznam!
Thư viện lưu trữ: Trung tâm Học liệu Trường Đại học Cần Thơ
LEADER 00443nam a2200169Ia 4500
001 CTU_78535
008 210402s9999 xx 000 0 und d
082 |a 600 
082 |b P628 
100 |a Piganiol, Pierre 
245 0 |a Pour une politique scientifique 
245 0 |c Pierre Piganiol 
260 |a Paris 
260 |b Flammarion 
260 |c 1963 
650 |a Science,Technology 
980 |a Trung tâm Học liệu Trường Đại học Cần Thơ